000 00890nam a22002537a 4500
001 4632
003 FISKH
005 20240918130526.0
008 240918b cb ||||| |||| 00| 0 eng d
020 _a9780439217873
040 _aFISKH
_beng
_cFISKH
_dFISKH
050 _aPZ7.A73394
082 _2823.9
100 _aH.Armstrong, William
_d(1911–1999)
245 _aSounder /
_cBy William H.Armstrong illustrations by Jame Barkley
250 _aPublished in 1969
260 _aNew York :
_bScholastic,
_c1969.
300 _a116 pages :
_c20cm
520 _aAngry and humiliated when his sharecropper father is jailed for stealing food for his family, a young black boy grows in courage and understanding by learning to read and with the help of the devoted dog Sounder.
650 _2Animals
_aNewbery
650 _2Fiction
_aAfrican American
942 _2ddc
_cBK
_n0
999 _c4632
_d4632